00919nas a2200241Ia 4500001002800000003001000028008004100038040002500079041001300104100001700117210001500134222001500149240008500164245008500249250001100334260000900345501012300354300001800477362003500495500009900530650003000629700001800659A50/R188-26601 [r000020318]IT-MiCISF161014c99999999xx |||||||||||| ||und|| aIT-MiCISFcIT-MiCISF aFRANCESE aBozon Michel aPopulation aPopulation aInitiation sexuel et genre: comparaison des evolutions de douze pays européens 0aInitiation sexuel et genre: comparaison des evolutions de douze pays européens a1a ed. c1997 bCISF - Centro Internazionale Studi Famiglia - Via Giotto, 36 20145 MILANO (non commercial uses only)cCopyright 2016 app. 1367-1399 an. 6, novembre-dicembre [1997] a Tema: sessualità, fasce-di-età, differenza-sessuale, situazione-demografica, comparazione aetà evolutivavarticolo a Kontula Osmo